Profil podnikateľov na Slovensku: dynamická analýza, regionálne a medzinárodné porovnanie
Analýza profilu slovenských podnikateľov z hľadiska inkluzivity podnikania (z pohľadu viacerých demografických premenných akými sú vek, pohlavie, vzdelanie a príjem) na základe dát Globálneho monitoru podnikania za roky 2012 a 2011. Profil slovenských podnikateľov v jeho jednotlivých aspektoch je po...
Salvato in:
| Autore principale: | |
|---|---|
| Altri autori: | |
| Natura: | Capitolo di libro |
| Lingua: | slovacco |
| Soggetti: | |
| Tags: |
Nessun Tag, puoi essere il primo ad aggiungerne!!
|
MARC
| LEADER | 00000nla a2200000 4500 | ||
|---|---|---|---|
| 001 | 0211711 | ||
| 005 | 20240417075103.8 | ||
| 041 | 0 | |a slo | |
| 044 | |a CZ | ||
| 245 | 1 | 0 | |a Profil podnikateľov na Slovensku: dynamická analýza, regionálne a medzinárodné porovnanie |c Anna Pilková, Ján Rehák |
| 520 | |a Analýza profilu slovenských podnikateľov z hľadiska inkluzivity podnikania (z pohľadu viacerých demografických premenných akými sú vek, pohlavie, vzdelanie a príjem) na základe dát Globálneho monitoru podnikania za roky 2012 a 2011. Profil slovenských podnikateľov v jeho jednotlivých aspektoch je porovnávaný v rámci regiónu (V5 a Rakúsko) ako aj v rámci Európy. | ||
| 610 | 2 | 0 | |a Slovensko |
| 610 | 2 | 0 | |a Európska únia |
| 610 | 2 | 0 | |a porovnanie medzinárodné |
| 610 | 2 | 0 | |a porovnanie regionálne |
| 610 | 2 | 0 | |a podnikatelia |
| 100 | 1 | |a Pilková, Anna | |
| 700 | 1 | |a Rehák, Ján | |